[Event "8th ch-Euro T/B"]
[Site "Dresden GER"]
[Date "2007.04.15"]
[Round "1.1"]
[White "Iljin,A"]
[Black "Pavasovic,D"]
[Result "1/2-1/2"]
[WhiteElo "2538"]
[BlackElo "2567"]
[EventDate "2007.04.15"]

1. d4 d5 2. Nf3 Nf6 3. c4 e6 4. Nc3 c6 5. Bg5 dxc4 6. e4 b5 7. e5 h6 8. Bh4
g5 9. Nxg5 hxg5 10. Bxg5 Be7 11. exf6 Bxf6 12. Bxf6 Qxf6 13. g3 Na6 14. Bg2
Bb7 15. Ne4 Qe7 16. O-O O-O-O 17. a4 f5 18. axb5 cxb5 19. Rxa6 Bxa6 20. Qa1
Bb7 21. Nc5 Bxg2 22. Kxg2 Qd6 23. Qxa7 Qc6+ 24. f3 Rxd4 25. Rf2 Rhd8 26.
Na6 R4d5 27. Qb8+ Kd7 28. Qa7+ Kc8 29. Qb8+ Kd7 30. Qa7+ 1/2-1/2

[Event "8th ch-Euro T/B"]
[Site "Dresden GER"]
[Date "2007.04.15"]
[Round "1.2"]
[White "Pavasovic,D"]
[Black "Iljin,A"]
[Result "1-0"]
[WhiteElo "2567"]
[BlackElo "2538"]
[EventDate "2007.04.15"]

1. e4 e5 2. Nf3 Nf6 3. d4 Nxe4 4. Bd3 Nc6 5. dxe5 d5 6. O-O Be7 7. Nc3 Nxc3
8. bxc3 Bg4 9. Re1 O-O 10. h3 Bh5 11. Rb1 Rb8 12. Rb5 Kh8 13. Bf5 d4 14. g4
Bg6 15. Nxd4 Qe8 16. Rd5 Nxd4 17. Bd7 Qd8 18. Qxd4 c5 19. Qd2 Qa5 20. f4 f5
21. gxf5 Bxf5 22. Bxf5 Rxf5 23. Rd7 Bh4 24. Re2 Rg8 25. Qd3 Rh5 26. e6 c4
27. Qf3 Qf5 28. Qg4 Qb5 29. e7 Re8 30. Rxb7 Qxb7 31. Qxh5 Qb6+ 32. Kf1 1-0

[Event "8th ch-Euro T/B"]
[Site "Dresden GER"]
[Date "2007.04.15"]
[Round "3.2"]
[White "Sutovsky,E"]
[Black "Tkachiev,V"]
[Result "0-1"]
[WhiteElo "2637"]
[BlackElo "2652"]
[EventDate "2007.04.15"]

1. e4 e5 2. Nf3 Nc6 3. Bb5 a6 4. Ba4 Nf6 5. O-O Be7 6. Re1 b5 7. Bb3 d6 8.
c3 O-O 9. h3 Nb8 10. d4 Nbd7 11. Nbd2 Bb7 12. Bc2 Re8 13. Nf1 Bf8 14. Ng3
g6 15. h4 exd4 16. cxd4 c5 17. h5 cxd4 18. hxg6 hxg6 19. Nxd4 d5 20. Bg5
Qb6 21. Be3 dxe4 22. Ndf5 Bc5 23. Nh6+ Kf8 24. Bb3 Ne5 25. Bxc5+ Qxc5 26.
Rc1 Qb6 27. Qd2 Nd3 28. Bxf7 e3 29. fxe3 Nxe1 30. Rxe1 Kg7 31. Bxe8 Rxe8
32. Ng4 Rd8 33. Qe2 Nxg4 34. Qxg4 Qc5 35. b4 Qe5 36. Nf1 Bc8 37. Qe2 Be6
38. Rc1 Bc4 39. Qf3 Rf8 40. Qh3 Bxf1 41. Rxf1 Rxf1+ 42. Kxf1 Qa1+ 43. Kf2
Qxa2+ 44. Kg3 Qd2 45. Qe6 Qxb4 46. e4 0-1

[Event "8th ch-Euro T/B Qualification"]
[Site "Dresden GER"]
[Date "2007.04.15"]
[Round "1.2"]
[White "Bologan,V"]
[Black "Roiz,M"]
[Result "0-1"]
[WhiteElo "2636"]
[BlackElo "2605"]
[EventDate "2007.04.15"]

1. e4 c5 2. Nf3 d6 3. Bb5+ Nd7 4. O-O Ngf6 5. Re1 a6 6. Bf1 b6 7. d4 cxd4
8. Nxd4 Bb7 9. c4 e6 10. Nc3 Be7 11. a4 O-O 12. a5 bxa5 13. Nb3 Rb8 14.
Nxa5 Ba8 15. Qc2 Re8 16. Bd2 Qc7 17. Bf4 Ne5 18. h3 Nfd7 19. Be3 Nc5 20.
Bd2 Bf6 21. Na4 Nxa4 22. Qxa4 Nd7 23. Nb3 Bxb2 24. Rab1 Bc6 25. Qa2 Be5 26.
Qxa6 Nf6 27. Ba5 Qd7 28. Nd2 Bd4 29. c5 Ra8 30. Qd3 dxc5 31. Nc4 Bb5 32.
Bc3 Ra4 33. Bxd4 Bxc4 34. Qc2 Bxf1 35. Bxf6 Bd3 36. Qxc5 gxf6 37. Rbd1 Rd4
38. Qh5 Rd8 39. Qh4 Qe7 40. Re3 Kh8 41. Ra1 R4d7 42. Qh6 Qf8 43. Qh4 f5 44.
e5 Rd4 45. Qh5 f4 46. Ree1 Qg7 47. Ra7 Be4 48. Rxe4 Rxe4 49. Rxf7 Qg6 50.
Qh4 Rd1+ 51. Kh2 Qxf7 0-1

[Event "8th ch-Euro T/B Qualification"]
[Site "Dresden GER"]
[Date "2007.04.15"]
[Round "1.1"]
[White "Iljushin,A"]
[Black "Rodshtein,M"]
[Result "1-0"]
[WhiteElo "2501"]
[BlackElo "2530"]
[EventDate "2007.04.15"]

1. d4 d5 2. c4 c6 3. Nf3 Nf6 4. e3 Bf5 5. Nc3 e6 6. Nh4 Bg6 7. Nxg6 hxg6 8.
Qb3 Qc7 9. h3 Nbd7 10. Bd2 Bd6 11. cxd5 exd5 12. Bd3 Nf8 13. O-O-O O-O-O
14. Kb1 Kb8 15. Rc1 Qb6 16. Qc2 Ne6 17. f3 Rde8 18. Na4 Qc7 19. b4 Nd7 20.
Qb2 Nb6 21. Nc5 Ka8 22. Qb3 f5 23. Rhe1 Bg3 24. Rf1 Rhf8 25. b5 Nxc5 26.
Rxc5 Bd6 27. Rc2 Qd7 28. Rfc1 Nc4 29. Bxc4 dxc4 30. Qxc4 cxb5 31. Qd5 Rd8
32. Ba5 Bb8 33. Qxd7 Rxd7 34. Rc8 Rxc8 35. Rxc8 b6 36. Bb4 a5 37. Bf8 Kb7
38. Re8 f4 39. Kc2 fxe3 40. Kd3 Bf4 41. h4 b4 42. Re4 Bg3 43. Rxe3 Rc7 44.
Re7 Bxh4 45. Rxc7+ Kxc7 46. Bxg7 Kc6 47. Ke4 a4 48. g4 b3 49. axb3 axb3 50.
d5+ Kd6 51. f4 b5 52. Be5+ Kc5 53. f5 gxf5+ 54. gxf5 Bg3 55. Bd4+ Kc4 56.
f6 Bd6 57. f7 Bf8 58. Ke5 Bg7+ 59. Ke6 Kxd4 60. d6 b2 61. d7 b1=Q 62. d8=Q
Kc3 63. Qc7+ Kb2 64. Qf4 Qa2+ 65. Ke7 Qa7+ 66. Ke6 Qb6+ 67. Kd7 Qb7+ 68.
Kd8 Qd5+ 69. Kc8 Bf8 70. Qf2+ Kb3 71. Qe3+ Ka4 1-0

[Event "8th ch-Euro T/B Qualification"]
[Site "Dresden GER"]
[Date "2007.04.15"]
[Round "1.2"]
[White "Rodshtein,M"]
[Black "Iljushin,A"]
[Result "1-0"]
[WhiteElo "2530"]
[BlackElo "2501"]
[EventDate "2007.04.15"]

1. d4 d5 2. c4 c6 3. Nc3 Nf6 4. Nf3 a6 5. h3 e6 6. e3 Nbd7 7. Qc2 Bd6 8. g4
h6 9. Rg1 Qe7 10. h4 Bb4 11. Bd2 Bxc3 12. Bxc3 Ne4 13. Bd3 Nxc3 14. Qxc3
dxc4 15. Qxc4 c5 16. Rc1 b5 17. Qc2 Bb7 18. Be4 Bxe4 19. Qxe4 O-O 20. g5 f5
21. gxf6 Nxf6 22. Qe5 Nd7 23. Qg3 Rf7 24. Ne5 Nxe5 25. dxe5 c4 26. Rc2 Rd8
27. f4 Qb4+ 28. Ke2 Qa4 29. Qg6 b4 30. Rxc4 Qxa2 31. Qxe6 Rdf8 32. Kf3 Kh8
33. Rc6 Qxb2 34. Rc8 Rxc8 35. Qxc8+ Kh7 36. Qxa6 Qh2 37. Qg6+ Kg8 38. e6
Qh3+ 39. Ke4 Re7 40. f5 Qxh4+ 41. Rg4 Qh1+ 42. Ke5 Qf3 43. Re4 Qh3 44. Qg1
b3 45. Qd1 h5 1-0

[Event "8th ch-Euro T/B Qualification"]
[Site "Dresden GER"]
[Date "2007.04.15"]
[Round "1.1"]
[White "Hera,I"]
[Black "Gajewski,G"]
[Result "0-1"]
[WhiteElo "2477"]
[BlackElo "2540"]
[EventDate "2007.04.15"]

1. c4 Nf6 2. Nc3 c5 3. g3 Nc6 4. Bg2 e6 5. Nf3 b6 6. d4 cxd4 7. Nxd4 Bb7 8.
Ndb5 Be7 9. Bf4 O-O 10. Bc7 Qc8 11. Bd6 Ne8 12. O-O Nxd6 13. Nxd6 Bxd6 14.
Qxd6 Na5 15. Bxb7 Nxb7 16. Qd4 Qc6 17. Rfd1 Rfd8 18. Rac1 f5 19. h4 Nc5 20.
b4 Nb7 21. e4 fxe4 22. Nxe4 Rac8 23. Qe5 Qc7 24. Qg5 Rf8 25. Qd2 Rcd8 26.
c5 bxc5 27. Nxc5 Nxc5 28. Rxc5 Qb7 29. b5 Qb6 30. Qd4 d6 31. Rg5 e5 32.
Qxb6 axb6 33. a4 Kf7 34. Rf5+ Ke6 35. Rxf8 Rxf8 36. Rc1 Ra8 37. Rc6 Rxa4
38. Rxb6 Rb4 39. Kf1 Rb2 40. Rb8 g6 41. b6 Kd5 42. Rb7 Ke4 43. Rb8 Kf3 44.
Rf8+ Ke4 45. Rb8 d5 46. b7 d4 47. Ke1 Kd3 48. Kf1 Rb1+ 49. Kg2 Ke2 50. g4
d3 51. Re8 Rxb7 52. Rxe5+ Kd1 53. f4 Rb4 54. Kg3 d2 55. f5 gxf5 56. gxf5
0-1